000 00242 a2200085 4500
020 _a978-1474482226
100 _aAlka Patel
245 _aIran to India The Shansabānīs of Afghanistan, c. 1145-1190 CE
260 _bEdinburgh University Press
_c2021
999 _c13189
_d13189